| 000 | 00528nam a22001937a 4500 | ||
|---|---|---|---|
| 003 | OSt | ||
| 005 | 20140310181911.0 | ||
| 008 | 130712t xxu||||| |||| 00| 0 eng d | ||
| 020 | _a0382003780 | ||
| 050 |
_aBX 930 _b.T448 1988 |
||
| 082 |
_aTR 238.2 _bT34 1988 |
||
| 245 |
_aThis is our faith / _cCarl J. Pfeifer...(et al.). |
||
| 260 |
_aMorristown, NJ : _bSilver Burdett & Ginn, _cc1988 |
||
| 300 |
_a234 p. _bcol. : ill. ; _c28 cm. |
||
| 521 | _aFaculty | ||
| 541 | _j1 | ||
| 562 | _e1 | ||
| 942 |
_2lcc _cBK-TR _kTR |
||
| 999 |
_c6534 _d6534 |
||